<?xml version="1.0" encoding="UTF-8"?>
<collection xmlns="http://www.loc.gov/MARC21/slim">
 <record>
  <leader>02175nam a22002415a 4500</leader>
  <controlfield tag="001">CEM.cems024598</controlfield>
  <controlfield tag="008">250519s1985####sp############000#0#und#d</controlfield>
  <controlfield tag="005">20250519185413.0</controlfield>
  <datafield tag="245" ind1="1" ind2="0">
   <subfield code="a">América. La condena. La muralla china /</subfield>
   <subfield code="c">Franz Kafka.</subfield>
  </datafield>
  <datafield tag="260" ind1=" " ind2=" ">
   <subfield code="a">Barcelona :</subfield>
   <subfield code="b">Seix Barral,</subfield>
   <subfield code="c">1985.</subfield>
  </datafield>
  <datafield tag="300" ind1=" " ind2=" ">
   <subfield code="a">609 p.</subfield>
  </datafield>
  <datafield tag="490" ind1="1" ind2=" ">
   <subfield code="a">Summa literaria ;</subfield>
   <subfield code="v">7</subfield>
  </datafield>
  <datafield tag="505" ind1="0" ind2=" ">
   <subfield code="a">AMÉRICA -- El fogonero -- El tío -- Una quinta en las afueras de Nueva York -- Camino a Ramsés -- Hotel Occidental -- El caso Robinsón -- Un asilo -- LA CONDENA -- La condena -- Un relato -- Los aeroplanos en Brescia -- Contemplación -- Niños en un camino de campo -- Desenmascaramiento de un embaucador -- El paseo repentino -- Resoluciones -- La excursión a la montaña -- Desdicha de soltero -- El comerciante -- Contemplación distraída en la ventana -- Camino de casa -- Transeúntes -- Compañero de viaje -- Vestidos -- El rechazo -- Para que mediten los jinetes -- La ventana a la calle -- El deseo de ser piel roja -- Los árboles -- Desdicha -- Un médico rural -- El nuevo abogado -- En la galería -- Un viejo manuscrito -- Ante la ley -- Chacales y árabes -- Una visita a la mina -- El pueblo más cercano -- Un mensaje imperial -- Preocupaciones de un jefe de familia -- Once hijos -- Un fratricidio -- Un sueño -- Informe para una Academia -- En la colonia penitenciaria -- Un artista del hambre -- Una mujercita -- Un artista del trapecio -- La metamorfosis -- Josefina la cantora o El pueblo de los ratones -- Capítulo primero del libro Ricardo y Samuel -- Tres críticas -- Una novela de la juventud -- Sobre las Anécdotas de Kleist -- Hyperion -- LA MURALLA CHINA -- Descripción de una lucha -- &quot;Él&quot;</subfield>
  </datafield>
  <datafield tag="500" ind1=" " ind2=" ">
   <subfield code="a">TRADUCCIÓN: América: D. J. Volgemann; La Condena: J. R. Wilcock; La muralla china: Alfredo Pipping y Alejandro Ruiz Guiñazu.</subfield>
  </datafield>
  <datafield tag="020" ind1=" " ind2=" ">
   <subfield code="a">8432224073</subfield>
  </datafield>
  <datafield tag="100" ind1="1" ind2=" ">
   <subfield code="a">Kafka, Franz.</subfield>
  </datafield>
  <datafield tag="700" ind1="1" ind2=" ">
   <subfield code="a">Volgemann, D. J.; trad.</subfield>
  </datafield>
  <datafield tag="700" ind1="1" ind2=" ">
   <subfield code="a">Wilcock, J. R.; trad.</subfield>
  </datafield>
  <datafield tag="700" ind1="1" ind2=" ">
   <subfield code="a">Pipping, Alfredo; trad.</subfield>
  </datafield>
  <datafield tag="700" ind1="1" ind2=" ">
   <subfield code="a">Ruiz Guiñazu, Alejandro; trad.</subfield>
  </datafield>
  <datafield tag="653" ind1=" " ind2=" ">
   <subfield code="a">Literatura checa</subfield>
  </datafield>
  <datafield tag="653" ind1=" " ind2=" ">
   <subfield code="a">Cuentos checos</subfield>
  </datafield>
  <datafield tag="859" ind1=" " ind2=" ">
   <subfield code="a">CEMS</subfield>
   <subfield code="b">BIB. CEMS - 11 de abril</subfield>
   <subfield code="h">891.863</subfield>
   <subfield code="i">K110-12</subfield>
   <subfield code="p">29856.25</subfield>
   <subfield code="t">Ej.1</subfield>
  </datafield>
 </record>
</collection>
